[Event "Stare Mesto 2021"]
[Site "?"]
[Date "2021.08.15"]
[Round "3.1"]
[White "Kraus, Tomas"]
[Black "Lajbl, Jan"]
[Result "1/2-1/2"]
[WhiteElo "2468"]
[BlackElo "2176"]
[PlyCount "120"]
[EventDate "2021.??.??"]

1. d4 d5 2. c4 e6 3. Nf3 c5 4. cxd5 exd5 5. Nc3 Nc6 6. dxc5 d4 7. Na4 Bxc5 8.
Nxc5 Qa5+ 9. Bd2 Qxc5 10. Rc1 Qb6 11. e3 Nge7 12. exd4 Nxd4 13. Qa4+ Nec6 14.
Nxd4 Qxd4 15. Qxd4 Nxd4 16. Bc3 Ne6 17. Bb4 Bd7 18. Bc4 Bc6 19. Rd1 a5 20. Bd6
O-O-O 21. O-O b5 22. Bb3 a4 23. Bc2 Rd7 24. Rd2 Rhd8 25. Rfd1 g6 26. f3 Nc7 27.
a3 Ne8 28. Bb4 Rxd2 29. Rxd2 Rxd2 30. Bxd2 Nd6 31. Kf2 Nc4 32. Bc3 Kd7 33. h4
Ke6 34. Ke2 f5 35. Kd3 Kd5 36. Bd4 b4 37. axb4 Bb5 38. Kc3 Nxb2 39. Kxb2 Kxd4
40. h5 Bf1 41. g4 fxg4 42. fxg4 gxh5 43. gxh5 h6 44. Bxa4 Be2 45. Be8 Kc4 46.
Ka3 Bd1 47. Bg6 Kb5 48. Bf7 Be2 49. Kb3 Bd1+ 50. Kc3 Bf3 51. Be8+ Kb6 52. Kd2
Bg4 53. Kc2 Bf3 54. Kc3 Be2 55. Bg6 Bf3 56. Be8 Be2 57. Kd4 Bf3 58. Ke5 Bxh5
59. Bxh5 Kb5 60. Kf6 Kxb4 1/2-1/2

[Event "Stare Mesto 2021"]
[Site "?"]
[Date "2021.08.15"]
[Round "3.2"]
[White "Kostka, Vit"]
[Black "Zpevak, Pavel"]
[Result "0-1"]
[WhiteElo "2145"]
[BlackElo "2350"]
[PlyCount "60"]
[EventDate "2021.??.??"]

1. e4 c5 2. Nf3 e6 3. d4 cxd4 4. Nxd4 a6 5. c4 Nf6 6. Nc3 Bb4 7. Bd3 Nc6 8. Nc2
Bc5 9. O-O d6 10. b4 Ba7 11. b5 Ne5 12. Be2 axb5 13. Nxb5 Bc5 14. Be3 Nxe4 15.
Bf3 Nf6 16. Bxc5 dxc5 17. Bxb7 Bxb7 18. Qd6 Qxd6 19. Nxd6+ Kd7 20. Rfd1 Kc7 21.
f4 Nc6 22. Rab1 Ba6 23. Nxf7 Rhb8 24. Ng5 Nd8 25. Na3 Rxb1 26. Rxb1 h6 27. Nf3
Rb8 28. Nb5+ Bxb5 29. cxb5 Nd5 30. a4 Nc3 0-1

[Event "Stare Mesto 2021"]
[Site "?"]
[Date "2021.08.15"]
[Round "3.3"]
[White "Svanda, Ondrej"]
[Black "Bosak, Jan"]
[Result "1-0"]
[WhiteElo "2312"]
[BlackElo "2076"]
[PlyCount "87"]
[EventDate "2021.??.??"]

1. e4 e5 2. Nf3 Nc6 3. Bc4 Be7 4. O-O Nf6 5. Re1 Nxe4 6. Rxe4 d5 7. Bxd5 Qxd5
8. Nc3 Qa5 9. Rb1 O-O 10. a3 Qc5 11. Nxe5 Bf5 12. Re1 Nd4 13. d3 Bf6 14. Nf3
Bg4 15. Be3 Qh5 16. Bxd4 Bxd4 17. h3 Bxf3 18. Qxf3 Qxf3 19. gxf3 Rfe8 20. Re4
Rad8 21. Rbe1 Kf8 22. Kg2 f5 23. Rxe8+ Rxe8 24. Rxe8+ Kxe8 25. f4 Kd7 26. Nd1
a5 27. a4 c6 28. c3 Bf6 29. Kf3 b5 30. b3 Kd6 31. Ke3 Kd5 32. Kd2 Bd8 33. Ne3+
Ke6 34. d4 bxa4 35. bxa4 Bc7 36. Ng2 c5 37. Kd3 cxd4 38. cxd4 g6 39. Kc4 Bd8
40. Kc5 Be7+ 41. Kc6 Bb4 42. d5+ Ke7 43. Ne3 Be1 44. Kc7 1-0

[Event "Stare Mesto 2021"]
[Site "?"]
[Date "2021.08.15"]
[Round "3.4"]
[White "Machacek, Jan"]
[Black "Husek, Martin"]
[Result "0-1"]
[WhiteElo "1891"]
[BlackElo "2241"]
[PlyCount "92"]
[EventDate "2021.??.??"]

1. e4 c5 2. Nf3 Nc6 3. d4 cxd4 4. Nxd4 g6 5. c4 Bg7 6. Be3 Nf6 7. Nc3 O-O 8.
Be2 d6 9. f3 Bd7 10. O-O Nxd4 11. Bxd4 Bc6 12. Qd2 Nd7 13. Be3 a5 14. b3 Nc5
15. Rab1 e6 16. Rfd1 Be5 17. Bf1 Qh4 18. f4 Bxc3 19. Qxc3 Nxe4 20. Qb2 f5 21.
a3 g5 22. g3 Nxg3 23. Bf2 gxf4 24. Rd3 Qh6 25. Bxg3 fxg3 26. Rxg3+ Kf7 27. Qd4
Rg8 28. Bg2 Bxg2 29. Kxg2 Ke7 30. Rd1 Rad8 31. c5 d5 32. Rxg8 Rxg8+ 33. Kh1 Qg5
34. Qf2 f4 35. c6 bxc6 36. Rc1 f3 37. Qc5+ Kf7 38. Qa7+ Kf6 39. Qd4+ Qe5 40.
Qh4+ Qg5 41. Qd4+ Qe5 42. Qh4+ Kf7 43. Qxh7+ Rg7 44. Qh4 Qg5 45. Qxg5 Rxg5 46.
Rxc6 e5 0-1

[Event "Stare Mesto 2021"]
[Site "?"]
[Date "2021.08.15"]
[Round "3.5"]
[White "Slovak, Kilian"]
[Black "Nytra, Petr"]
[Result "1-0"]
[WhiteElo "2209"]
[BlackElo "1941"]
[PlyCount "125"]
[EventDate "2021.??.??"]

1. e4 e5 2. Nf3 Nf6 3. Nxe5 Nxe4 4. Qe2 Qe7 5. Qxe4 d6 6. d4 dxe5 7. dxe5 Nc6
8. Nc3 Qxe5 9. Qxe5+ Nxe5 10. Nb5 Bb4+ 11. c3 Ba5 12. Bf4 f6 13. O-O-O O-O 14.
Nd4 Bb6 15. h3 Re8 16. Bg3 Bd7 17. Nf3 Be6 18. Nxe5 fxe5 19. b3 a5 20. Bd3 a4
21. Kb2 axb3 22. axb3 Ra5 23. Bc2 Bd5 24. f3 c6 25. Ra1 Rxa1 26. Rxa1 Kf7 27.
Re1 Kf6 28. Re2 h6 29. Be4 Bc5 30. Re1 b5 31. b4 Bb6 32. Ra1 Bxe4 33. fxe4 Be3
34. Rf1+ Ke6 35. Rf5 Kd6 36. Rf7 g5 37. Kc2 Re6 38. Kd3 Bg1 39. c4 bxc4+ 40.
Kxc4 Bd4 41. Be1 Be3 42. Bc3 h5 43. Bb2 Re8 44. Rf3 Bg1 45. g4 hxg4 46. hxg4
Bh2 47. Rf6+ Re6 48. Rf7 Re7 49. Rxe7 Kxe7 50. b5 cxb5+ 51. Kxb5 Ke6 52. Kc6
Bf4 53. Ba3 Be3 54. Kc7 Bd2 55. Kd8 Be3 56. Ke8 Bd2 57. Be7 Be3 58. Kf8 Bd2 59.
Bd8 Be3 60. Kg7 Kd6 61. Kg6 Kc5 62. Bxg5 Bf2 63. Kf5 1-0

[Event "Stare Mesto 2021"]
[Site "?"]
[Date "2021.08.15"]
[Round "3.6"]
[White "Babula, Vlastimil"]
[Black "Mostek, Jan"]
[Result "1-0"]
[WhiteElo "2167"]
[BlackElo "1898"]
[PlyCount "121"]
[EventDate "2021.??.??"]

1. e4 e6 2. d4 d5 3. Nc3 Bb4 4. e5 b6 5. Qg4 Bf8 6. Bg5 Qd7 7. a4 a5 8. h4 h6
9. Be3 Ba6 10. Bxa6 Nxa6 11. h5 c6 12. Qe2 Ne7 13. g4 c5 14. Nb5 Nc6 15. Nf3
Nc7 16. Nxc7+ Qxc7 17. c3 Be7 18. O-O-O c4 19. g5 Bf8 20. g6 Rb8 21. Qc2 b5 22.
axb5 Rxb5 23. Kd2 Qb7 24. gxf7+ Qxf7 25. Ke2 Be7 26. Rdg1 Rf8 27. Rh3 Qf5 28.
Qxf5 Rxb2+ 29. Nd2 exf5 30. Rg6 Kd7 31. Bf4 a4 32. e6+ Ke8 33. Rxg7 Rf6 34.
Rg8+ Bf8 35. Re3 Ne7 36. Rg1 Rb6 37. Ra1 Rfxe6 38. Rxa4 Rxe3+ 39. Kxe3 Bg7 40.
Ra8+ Kf7 41. Be5 Bxe5 42. dxe5 Ke6 43. Rh8 Kf7 44. Nf3 Rb3 45. Rh7+ Kf8 46. Kd4
f4 47. e6 Rb2 48. Ne5 Rd2+ 49. Kc5 d4 50. Nd7+ Ke8 51. Rh8+ Ng8 52. Rxg8+ Ke7
53. Kxc4 dxc3 54. Kxc3 Rxf2 55. Rg6 Re2 56. Nc5 f3 57. Kd4 f2 58. Rg7+ Kf6 59.
Rf7+ Kg5 60. Ne4+ Kxh5 61. Ng3+ 1-0

[Event "Stare Mesto 2021"]
[Site "?"]
[Date "2021.08.15"]
[Round "3.7"]
[White "Neuman, Petr"]
[Black "Uricar, Zdenek"]
[Result "1-0"]
[WhiteElo "2402"]
[BlackElo "1917"]
[PlyCount "51"]
[EventDate "2021.??.??"]

1. c4 Nf6 2. Nc3 e6 3. e4 d5 4. e5 d4 5. exf6 dxc3 6. bxc3 Qxf6 7. Nf3 c5 8.
Bd3 Bd7 9. Qe2 Bc6 10. Ne5 Bd6 11. Nxc6 Nxc6 12. Be4 Rc8 13. O-O h6 14. f4 O-O
15. g3 b6 16. Qg2 Na5 17. d3 b5 18. cxb5 Qxc3 19. Bb2 Qb4 20. Rab1 Qa4 21. f5
c4 22. Bxg7 Kxg7 23. f6+ Kh8 24. Qh3 Bc5+ 25. Kh1 Be3 26. Rf4 1-0

[Event "Stare Mesto 2021"]
[Site "?"]
[Date "2021.08.15"]
[Round "3.8"]
[White "Hurtak, Otto"]
[Black "Vokac, Marek"]
[Result "1/2-1/2"]
[WhiteElo "2015"]
[BlackElo "2370"]
[PlyCount "134"]
[EventDate "2021.??.??"]

1. e4 c5 2. d4 cxd4 3. c3 dxc3 4. Nxc3 d6 5. Nf3 e6 6. Bc4 Nf6 7. Qe2 Be7 8.
O-O O-O 9. Rd1 Nbd7 10. Bf4 e5 11. Be3 Qc7 12. Rac1 Qb8 13. b4 a6 14. a4 b6 15.
Ng5 Bb7 16. Qa2 Qe8 17. Nd5 Nxd5 18. Bxd5 Ra7 19. a5 Bxg5 20. Bxg5 bxa5 21.
Qxa5 Bxd5 22. Qxd5 Nb8 23. Qxd6 Rd7 24. Qc5 h6 25. Be3 Qe6 26. Rxd7 Nxd7 27.
Qc6 Re8 28. Qxe6 Rxe6 29. Rc8+ Kh7 30. Kf1 Kg6 31. Ke2 h5 32. Rc7 Nf6 33. f3 h4
34. Rb7 Nh5 35. b5 axb5 36. Rxb5 f6 37. Kf2 Ra6 38. Rb2 Ra3 39. Bd2 Ra1 40. g4
Nf4 41. Bxf4 exf4 42. h3 Ra5 43. Kg2 Kh6 44. Rb6 Ra2+ 45. Kg1 Kh7 46. Rb7 Ra5
47. Kg2 Kh6 48. Rb6 Re5 49. Kf2 Re7 50. Ra6 Kh7 51. Rb6 Ra7 52. Rc6 Kg8 53. g5
fxg5 54. Rc5 Ra2+ 55. Kg1 Ra3 56. Kg2 Kh7 57. Rxg5 Kh6 58. Rb5 Ra2+ 59. Kg1 Ra6
60. Rf5 g5 61. Rb5 Kg6 62. Rc5 Kf6 63. Rf5+ Kg6 64. Rb5 Ra3 65. Kg2 Ra2+ 66.
Kg1 Ra1+ 67. Kg2 Ra2+ 1/2-1/2

[Event "Stare Mesto 2021"]
[Site "?"]
[Date "2021.08.15"]
[Round "3.9"]
[White "Horvath, Tomas"]
[Black "Sramek, Vojtech"]
[Result "1/2-1/2"]
[WhiteElo "2080"]
[BlackElo "2203"]
[PlyCount "57"]
[EventDate "2021.??.??"]

1. e4 c5 2. d4 cxd4 3. c3 dxc3 4. Nxc3 Nc6 5. Nf3 d6 6. Bc4 a6 7. O-O Nf6 8. h3
e6 9. Qe2 Be7 10. Rd1 Qc7 11. Bf4 Ne5 12. Bb3 O-O 13. Rac1 Qb8 14. Nd4 b5 15.
Bg3 Bb7 16. f4 Nc6 17. Nd5 exd5 18. Nxc6 Bxc6 19. Rxc6 dxe4 20. Bh4 Rc8 21.
Rxc8+ Qxc8 22. Bxf6 Bxf6 23. Qxe4 Qc5+ 24. Kh1 Rd8 25. Qb7 Bxb2 26. Qxf7+ Kh8
27. Re1 Qc8 28. Bd5 Rf8 29. Qe7 1/2-1/2

[Event "Stare Mesto 2021"]
[Site "?"]
[Date "2021.08.15"]
[Round "3.11"]
[White "Kapusta, Petr"]
[Black "Vylicil, Adam"]
[Result "1-0"]
[WhiteElo "2145"]
[BlackElo "1884"]
[PlyCount "51"]
[EventDate "2021.??.??"]

1. e4 e6 2. d4 d5 3. Nd2 Nf6 4. e5 Nfd7 5. Bd3 c5 6. c3 Nc6 7. Ne2 cxd4 8. cxd4
f6 9. exf6 Qxf6 10. Nf3 h6 11. O-O Bd6 12. a3 O-O 13. Bc2 Rd8 14. Qd3 Nf8 15.
Ng3 Bd7 16. Bd2 Be8 17. Bc3 Rac8 18. Qe2 Bg6 19. Rad1 Bxc2 20. Qxc2 Na5 21. Ne5
Nc4 22. Nh5 Qg5 23. Qe2 g6 24. Ng3 Nxe5 25. dxe5 Bxa3 26. Bd2 1-0

[Event "Stare Mesto 2021"]
[Site "?"]
[Date "2021.08.15"]
[Round "3.12"]
[White "Vaculik, Martin"]
[Black "Shanel, Jaroslav"]
[Result "0-1"]
[WhiteElo "1862"]
[BlackElo "2135"]
[PlyCount "80"]
[EventDate "2021.??.??"]

1. Nf3 c5 2. b3 d5 3. e3 Nc6 4. Bb2 a6 5. c4 Nf6 6. cxd5 Nxd5 7. Be2 Bf5 8. O-O
e6 9. d4 Ndb4 10. a3 Nd5 11. dxc5 Bxc5 12. b4 Bd6 13. Nc3 Nxc3 14. Bxc3 Qc7 15.
Qb3 Be4 16. h3 Bd5 17. Qb2 e5 18. Rfd1 Be6 19. Rac1 f6 20. Nd2 O-O 21. Ne4 Rfd8
22. Be1 Bf8 23. Qc3 Rxd1 24. Rxd1 Rc8 25. Bc4 Nd8 26. Bxe6+ Nxe6 27. Qb3 Qc4
28. Nd2 Qc6 29. Nf3 b5 30. Qd5 Qxd5 31. Rxd5 Rc1 32. Kf1 Ra1 33. Rd7 Rxa3 34.
Ra7 Nd8 35. Ra8 Nc6 36. Rc8 Ne7 37. Rc5 Kf7 38. Nh4 Ke6 39. e4 Kd7 40. Rc3 Rxc3
0-1

[Event "Stare Mesto 2021"]
[Site "?"]
[Date "2021.08.15"]
[Round "3.13"]
[White "Travnicek, Krystof Mikulas"]
[Black "Delgerdalai, Bayarjavkhlan"]
[Result "1-0"]
[WhiteElo "2072"]
[BlackElo "1876"]
[PlyCount "77"]
[EventDate "2021.??.??"]

1. Nf3 Nf6 2. c4 g6 3. Nc3 Bg7 4. e4 d6 5. d4 O-O 6. Be2 e5 7. d5 a5 8. Bg5 Na6
9. Nd2 Bd7 10. a3 Qe8 11. b3 h6 12. Be3 Nh7 13. Rb1 f5 14. f3 f4 15. Bf2 g5 16.
b4 axb4 17. axb4 Qe7 18. Qb3 Kh8 19. c5 dxc5 20. Bxa6 cxb4 21. Bxb7 Ra3 22.
Qxb4 Qxb4 23. Rxb4 Rxc3 24. Ke2 Rf6 25. Rhb1 c6 26. Rc4 Rxc4 27. Nxc4 Rg6 28.
Nb6 Be8 29. Rc1 cxd5 30. Rc8 Nf6 31. Nxd5 Kh7 32. Nxf6+ Rxf6 33. Rxe8 Rf7 34.
Bd5 Rc7 35. Kd2 h5 36. Bb6 Rd7 37. Rd8 Rxd8 38. Bxd8 Kg6 39. Be6 1-0

[Event "Stare Mesto 2021"]
[Site "?"]
[Date "2021.08.15"]
[Round "3.14"]
[White "Vicar, Lubomir"]
[Black "Nemec, David"]
[Result "0-1"]
[WhiteElo "1826"]
[BlackElo "2055"]
[PlyCount "46"]
[EventDate "2021.??.??"]

1. d4 Nf6 2. Nf3 e6 3. Bf4 b6 4. e3 Bb7 5. c4 Be7 6. Nc3 d6 7. h3 O-O 8. Be2
Nbd7 9. O-O Re8 10. Qc2 Bf8 11. Bg5 h6 12. Bh4 e5 13. d5 g5 14. Bg3 a5 15. a3
Bg7 16. Nd2 Nf8 17. h4 g4 18. Qf5 Bc8 19. Qc2 Nh5 20. Kh2 f5 21. f4 Nxg3 22.
Kxg3 Ng6 23. Rh1 exf4+ 0-1

[Event "Stare Mesto 2021"]
[Site "?"]
[Date "2021.08.15"]
[Round "3.15"]
[White "Vrtal, Jaroslav"]
[Black "Stehlik, Jiri"]
[Result "1-0"]
[WhiteElo "2037"]
[BlackElo "1847"]
[PlyCount "79"]
[EventDate "2021.??.??"]

1. d4 d5 2. Nf3 Nf6 3. g3 Bf5 4. Bg2 e6 5. O-O h6 6. c4 c6 7. b3 Nbd7 8. Bb2
Be7 9. Nbd2 O-O 10. a3 a5 11. c5 b5 12. Rc1 Qc7 13. h3 Ne4 14. Ne5 Nxd2 15.
Qxd2 Nxe5 16. dxe5 a4 17. b4 Rae8 18. f4 Bh7 19. Rce1 Kh8 20. e3 f5 21. exf6
Bxf6 22. Bxf6 gxf6 23. e4 f5 24. exd5 exd5 25. Rxe8 Rxe8 26. Re1 Re7 27. Qd4+
Kg8 28. Re5 Rxe5 29. fxe5 Qd7 30. Qh4 d4 31. Qxh6 d3 32. Qd6 Qxd6 33. exd6 d2
34. Bf3 Kf7 35. Kf2 f4 36. Ke2 fxg3 37. Kxd2 Bf5 38. Bg2 Ke6 39. Ke3 Ke5 40.
Kf3 1-0

[Event "Stare Mesto 2021"]
[Site "?"]
[Date "2021.08.15"]
[Round "3.16"]
[White "Setina, Vaclav"]
[Black "Sudrich, Radek"]
[Result "1/2-1/2"]
[WhiteElo "1607"]
[BlackElo "2033"]
[PlyCount "45"]
[EventDate "2021.??.??"]

1. d4 d5 2. Nf3 Nf6 3. g3 c6 4. Bg2 Bg4 5. O-O e6 6. b3 Nbd7 7. Bb2 Ne4 8. Nbd2
Nxd2 9. Qxd2 Be7 10. c4 O-O 11. Rac1 f5 12. cxd5 exd5 13. Ne5 Bh5 14. e3 Nf6
15. f4 Bd6 16. Qc2 Ne4 17. Bxe4 fxe4 18. Qg2 Qc8 19. Qd2 a5 20. Bc3 Qd8 21. Rb1
Bxe5 22. dxe5 c5 23. h3 1/2-1/2

[Event "FIDE OPEN Stare Mesto 2021 A"]
[Site "Stare Mesto, CZE"]
[Date "2021.08.15"]
[Round "3.17"]
[White "Kosata, Jiri"]
[Black "Vodak, Rostislav"]
[Result "0-1"]
[WhiteElo "1325"]
[BlackElo "1999"]
[PlyCount "98"]
[EventDate "2021.08.13"]

1. d4 d5 2. Nf3 Nf6 3. Bf4 e6 4. e3 Bd6 5. Bxd6 Qxd6 6. c4 dxc4 7. Qa4+ Nbd7 8.
Bxc4 O-O 9. Qc2 e5 10. dxe5 Nxe5 11. Nxe5 Qxe5 12. Nd2 Bf5 13. Qb3 Rad8 14. Nf3
Qa5+ 15. Kf1 Be4 16. Rd1 Rxd1+ 17. Qxd1 b5 18. Be2 Qxa2 19. Bxb5 Qxb2 20. Be2
c5 21. Ne1 Qb6 22. Bc4 Rd8 23. Qe2 Bd5 24. Bxd5 Nxd5 25. g3 Qc6 26. Qf3 c4 27.
Kg2 Nb4 28. Qxc6 Nxc6 29. Nf3 Rc8 30. Ra1 c3 31. Ne1 Nb4 32. Rxa7 c2 33. Nxc2
Nxc2 34. Ra2 g6 35. Rb2 Ne1+ 36. Kf1 Nd3 37. Rd2 Ne5 38. Kg2 Kg7 39. h3 h5 40.
f4 Nc4 41. Re2 Rd8 42. e4 Rd2 43. Rxd2 Nxd2 44. e5 Kf8 45. g4 h4 46. f5 g5 47.
Kf2 Nc4 48. e6 fxe6 49. fxe6 Ke7 0-1

[Event "FIDE OPEN Stare Mesto 2021 A"]
[Site "Stare Mesto, CZE"]
[Date "2021.08.15"]
[Round "3.19"]
[White "Knotek, Josef"]
[Black "Blazek, Matej"]
[Result "1/2-1/2"]
[WhiteElo "1949"]
[BlackElo "1743"]
[PlyCount "108"]
[EventDate "2021.08.13"]

1. d4 d5 2. Nf3 Nf6 3. c4 c6 4. Nc3 g6 5. Bg5 Ne4 6. cxd5 cxd5 7. e3 Nxg5 8.
Nxg5 e6 9. Nf3 Bg7 10. Bd3 Nc6 11. Rc1 a6 12. O-O O-O 13. a3 f5 14. b4 g5 15.
Nd2 Bd7 16. Nb3 g4 17. Nc5 Bc8 18. Ne2 Rf6 19. f4 Qd6 20. Qc2 Rf7 21. Nxa6 Nxd4
22. Nxd4 bxa6 23. Qc6 Qxc6 24. Rxc6 Re7 25. Rfc1 Re8 26. Rc7 Bf8 27. R1c6 a5
28. bxa5 Bxa3 29. a6 Bb4 30. Nb3 Rd8 31. Rb6 Bd6 32. Rcc6 Bb8 33. Nd4 Ba7 34.
Rb3 Bd7 35. Rc7 Bb8 36. Rcb7 Ba7 37. Kf2 Bb8 38. R3b6 e5 39. fxe5 Bxe5 40. Nxf5
Bxf5 41. Bxf5 Rf8 42. a7 Rxf5+ 43. Ke2 Rff8 44. Re7 Rfe8 45. Rd7 d4 46. Rbb7
Bf6 47. Rf7 Rxe3+ 48. Kd2 Be5 49. Rf5 h6 50. Rff7 Rc3 51. Rbe7 Rb3 52. Rf5 Bxh2
53. Rd7 Rb6 54. Rfd5 Rf6 1/2-1/2

[Event "FIDE OPEN Stare Mesto 2021 A"]
[Site "Stare Mesto, CZE"]
[Date "2021.08.15"]
[Round "3.20"]
[White "Balazec, Ludovit"]
[Black "Hradek, Matyas"]
[Result "1-0"]
[WhiteElo "1925"]
[BlackElo "1645"]
[PlyCount "99"]
[EventDate "2021.08.13"]

1. e4 c6 2. d4 d5 3. Nd2 dxe4 4. Nxe4 Nf6 5. Nxf6+ exf6 6. Nf3 Bd6 7. Bd3 O-O
8. O-O Re8 9. h3 Nd7 10. c4 Nf8 11. Qc2 Be6 12. Bf5 Qd7 13. Bxe6 Nxe6 14. Be3
Nf4 15. Bxf4 Bxf4 16. Rfe1 Rxe1+ 17. Rxe1 Re8 18. Rxe8+ Qxe8 19. Qf5 Bc7 20. g4
Qe6 21. Qd3 h5 22. d5 Qd7 23. Qe4 hxg4 24. hxg4 cxd5 25. cxd5 Be5 26. b3 Qd6
27. Kg2 Kf8 28. Ne1 Qe7 29. Nd3 Bc7 30. Qf5 Qd8 31. Kf3 g6 32. Qe4 Qd6 33. b4
Bb6 34. a4 a5 35. b5 Bc7 36. Qc4 Qa3 37. Kg2 Qe7 38. Qd4 Qd6 39. Kf3 Bb6 40.
Qc4 Qc7 41. Qe4 Qe7 42. Qf4 Bc7 43. Qd4 Qd6 44. Qc5 Qxc5 45. Nxc5 b6 46. d6 Bd8
47. Nb7 Ke8 48. Ke4 f5+ 49. gxf5 gxf5+ 50. Kd5 1-0

[Event "FIDE OPEN Stare Mesto 2021 A"]
[Site "Stare Mesto, CZE"]
[Date "2021.08.15"]
[Round "3.21"]
[White "Krizek, Frantisek"]
[Black "Kunc, Miroslav"]
[Result "1-0"]
[WhiteElo "1921"]
[BlackElo "1439"]
[PlyCount "111"]
[EventDate "2021.08.13"]

1. c4 e5 2. Nc3 Nf6 3. Nf3 Nc6 4. d4 exd4 5. Nxd4 Bb4 6. Bg5 h6 7. Bh4 Bxc3+ 8.
bxc3 O-O 9. e3 d6 10. Be2 Be6 11. O-O Ne5 12. Qb3 Rb8 13. f4 Nc6 14. e4 Qe8 15.
Bxf6 gxf6 16. f5 Bd7 17. Qc2 Kh7 18. Rf4 Rg8 19. Rh4 Nxd4 20. cxd4 Rg5 21. Rf1
c6 22. Rf3 Qg8 23. Bf1 Rg4 24. Rh5 Rg5 25. Rfh3 Rxh5 26. Rxh5 Qg4 27. Rh3 Rg8
28. Qd3 Qf4 29. Rf3 Qg5 30. e5 d5 31. e6 Be8 32. e7 Qc1 33. cxd5 cxd5 34. h3
Qc7 35. Qe3 Qd7 36. Bd3 Qa4 37. Rf2 Qd1+ 38. Kh2 Qa4 39. Re2 Qb4 40. Re1 Qd6+
41. g3 a6 42. Re2 b5 43. Qf4 Qxf4 44. gxf4 Bd7 45. Bc2 Rc8 46. Bb3 Bc6 47. Rc2
Re8 48. Rxc6 Rxe7 49. Rxa6 Re4 50. Rxf6 Kg7 51. Rd6 Rxd4 52. Rxd5 Rxf4 53. Rxb5
Kf6 54. Rb7 Rxf5 55. Rxf7+ Ke5 56. Rxf5+ 1-0

[Event "FIDE OPEN Stare Mesto 2021 A"]
[Site "Stare Mesto, CZE"]
[Date "2021.08.15"]
[Round "3.22"]
[White "Matus, Filip"]
[Black "Tomecek, Marian"]
[Result "1-0"]
[WhiteElo "1903"]
[BlackElo "1310"]
[PlyCount "57"]
[EventDate "2021.08.13"]

1. e4 d5 2. exd5 Nf6 3. d4 Nxd5 4. Nf3 Bg4 5. Be2 e6 6. O-O Bd6 7. h3 Bh5 8. c4
Nf4 9. Bxf4 Bxf4 10. Qb3 O-O 11. Qxb7 Nd7 12. Qe4 Bh6 13. Qc2 Nf6 14. Nc3 Rb8
15. Ne5 Ra8 16. Rad1 Bf4 17. Bxh5 Nxh5 18. Qe4 Bh6 19. Rfe1 Nf4 20. Ne2 Nh5 21.
Qf3 g6 22. Nc3 Bg7 23. d5 exd5 24. Nxd5 Bxe5 25. Rxe5 Qb8 26. Rxh5 gxh5 27.
Nf6+ Kg7 28. Nxh5+ Kg6 29. Qf6+ 1-0

[Event "FIDE OPEN Stare Mesto 2021 A"]
[Site "Stare Mesto, CZE"]
[Date "2021.08.15"]
[Round "3.23"]
[White "Krupica, Pavel"]
[Black "Stara, Zuzana"]
[Result "1-0"]
[WhiteElo "1897"]
[BlackElo "1209"]
[PlyCount "57"]
[EventDate "2021.08.13"]

1. d4 d5 2. Nf3 Nc6 3. g3 Bf5 4. Bg2 Nf6 5. O-O e6 6. b3 Bd6 7. Bb2 O-O 8. Nbd2
Qe7 9. a3 h6 10. c4 Qd7 11. Ne5 Bxe5 12. dxe5 Nh7 13. cxd5 exd5 14. f4 Rad8 15.
Nf3 Qe6 16. Nh4 Bg4 17. f5 Qe7 18. Rf4 Bh5 19. f6 gxf6 20. Nf5 Qc5+ 21. Kh1
Nxe5 22. Rc1 Qa5 23. b4 Qa6 24. Rxc7 Bxe2 25. Nxh6+ Kg7 26. Nf5+ Kh8 27. Qd2
Bb5 28. Rh4 Ng6 29. Rxh7+ 1-0

[Event "FIDE OPEN Stare Mesto 2021 A"]
[Site "Stare Mesto, CZE"]
[Date "2021.08.15"]
[Round "3.24"]
[White "Antal, Jakub"]
[Black "Hobza, Radek"]
[Result "1-0"]
[WhiteElo "1940"]
[BlackElo "1323"]
[PlyCount "105"]
[EventDate "2021.08.13"]

1. e4 c5 2. a3 d6 3. b4 Nf6 4. Nc3 g6 5. bxc5 dxc5 6. Rb1 Bg7 7. Bc4 O-O 8. d3
Nc6 9. Nf3 a6 10. a4 Ng4 11. Nd5 Nb4 12. O-O Nxd5 13. Bxd5 e6 14. Bxb7 Rb8 15.
Bg5 f6 16. Bxc8 Rxc8 17. Bd2 Qc7 18. h3 Nh6 19. Qc1 Nf7 20. Bc3 c4 21. d4 e5
22. dxe5 fxe5 23. Rd1 Qc6 24. Rd5 Qxa4 25. Rb7 Rb8 26. Qb2 Rxb7 27. Qxb7 Qxc2
28. Bb4 Qb1+ 29. Kh2 a5 30. Rxa5 {"Do píèi!"} c3 31. Ra8 c2 32. Nd2 Qxb4 33.
Qxb4 c1=Q 34. Ra7 Qe1 35. f3 Bh6 36. Rxf7 Bf4+ 37. Rxf4 Rxf4 38. Qb3+ Kg7 39.
Nc4 Qa1 40. Qb5 Qc1 41. Qxe5+ Kh6 42. Nd6 Qd2 43. Kg3 Rf8 44. Ne8 Qe1+ 45. Kg4
Rxe8 46. Qxe8 Kg7 47. Qe7+ Kg8 48. e5 h5+ 49. Kg5 Qg3+ 50. Kh6 Qf4+ 51. Kxg6
Qg3+ 52. Kh6 Qxg2 53. Qe8# 1-0

[Event "FIDE OPEN Stare Mesto 2021 A"]
[Site "Stare Mesto, CZE"]
[Date "2021.08.15"]
[Round "3.26"]
[White "Janek, Jiri"]
[Black "Vavra, Jan"]
[Result "1/2-1/2"]
[WhiteElo "1782"]
[BlackElo "1386"]
[PlyCount "112"]
[EventDate "2021.08.13"]

1. e4 e5 2. Nf3 Nc6 3. Bc4 Bc5 4. O-O Nf6 5. d3 h6 6. c3 d6 7. b4 Bb6 8. a4 a6
9. Qb3 O-O 10. h3 Bd7 11. Na3 Qe7 12. Nc2 Be6 13. Be3 Bxc4 14. Qxc4 Qe6 15.
Qxe6 fxe6 16. Bxb6 cxb6 17. Ne3 b5 18. axb5 axb5 19. Nd2 d5 20. exd5 exd5 21.
Nc2 Rfe8 22. Rfe1 Nd7 23. c4 bxc4 24. dxc4 dxc4 25. Nxc4 b5 26. Nd6 Reb8 27.
Rxa8 Rxa8 28. Nxb5 Ra2 29. Rc1 Rb2 30. Nc7 Nxb4 31. Nxb4 Rxb4 32. Nd5 Rd4 33.
Ne7+ Kf7 34. Nf5 Rd2 35. Re1 Kf6 36. Ne3 h5 37. Rc1 g6 38. Rc6+ Kf7 39. Kf1 Kg7
40. Ke1 Rd4 41. Rc7 Kf6 42. f3 Kg5 43. g3 Nf6 44. h4+ Kh6 45. Rc6 Kg7 46. Rc7+
Rd7 47. Rxd7+ Nxd7 48. Nc4 Kf6 49. Ke2 g5 50. hxg5+ Kxg5 51. Ke3 Kf5 52. Nd6+
Ke6 53. Ne4 Nf6 54. Kd3 Nd7 55. Ke3 Kf5 56. Nd6+ Ke6 1/2-1/2

[Event "FIDE OPEN Stare Mesto 2021 A"]
[Site "Stare Mesto, CZE"]
[Date "2021.08.15"]
[Round "3.27"]
[White "Hornak, Ondrej"]
[Black "Kopecky, Matej"]
[Result "0-1"]
[WhiteElo "1525"]
[BlackElo "1532"]
[PlyCount "72"]
[EventDate "2021.08.13"]

1. Nf3 c6 2. c4 Nf6 3. Nc3 d5 4. cxd5 Nxd5 5. d4 Bf5 6. Nxd5 Qxd5 7. a3 g6 8.
Bf4 Nd7 9. e3 Bg7 10. Rc1 b5 11. Be2 Rc8 12. O-O h6 13. h3 g5 14. Be5 Nxe5 15.
dxe5 a6 16. Qxd5 cxd5 17. Nd4 Bd7 18. f4 O-O 19. g4 Rxc1 20. Rxc1 Rc8 21. Rxc8+
Bxc8 22. Nc6 Kf8 23. b4 Ke8 24. Bf3 e6 25. Nd4 f6 26. exf6 Bxf6 27. Nc2 gxf4
28. exf4 Ke7 29. Kf2 Kd6 30. Ke3 Bb2 31. Kd2 e5 32. fxe5+ Kxe5 33. Kd3 d4 34.
Be2 Bc3 35. h4 Be6 36. g5 Bc4# 0-1

[Event "FIDE OPEN Stare Mesto 2021 A"]
[Site "Stare Mesto, CZE"]
[Date "2021.08.15"]
[Round "3.28"]
[White "Oharek, Vlastimil"]
[Black "Rybackova, Lucie"]
[Result "1-0"]
[WhiteElo "1688"]
[BlackElo "1534"]
[PlyCount "123"]
[EventDate "2021.08.13"]

1. d4 d5 2. Nf3 Bf5 3. Bf4 e6 4. e3 c5 5. c3 Nc6 6. Nbd2 Nf6 7. Be2 cxd4 8.
Nxd4 Nxd4 9. exd4 Be7 10. Bb5+ Nd7 11. O-O O-O 12. Nf3 a6 13. Bd3 Bxd3 14. Qxd3
b5 15. Ne5 Nxe5 16. Bxe5 Bd6 17. Qg3 Bxe5 18. Qxe5 Qf6 19. Qd6 Rfd8 20. Qg3 Qg6
21. f4 Qxg3 22. hxg3 g6 23. g4 Rab8 24. a3 a5 25. Rfc1 Rdc8 26. Kf2 Rc4 27. Ke3
Rbc8 28. Rd1 b4 29. cxb4 axb4 30. a4 Rc2 31. Rd2 b3 32. g3 Kf8 33. a5 R2c7 34.
Rd3 Rb8 35. Ra3 Ra7 36. Rc3 Ke7 37. Rc5 Kd6 38. g5 Rb4 39. Kd3 Rbb7 40. Kc3 Rc7
41. Rxc7 Kxc7 42. Kxb3 Kc6 43. Kc3 Kb5 44. b4 Rc7+ 45. Kb3 Rc4 46. Ra4 Ka6 47.
b5+ Kxb5 48. Rxc4 dxc4+ 49. Kc3 Kxa5 50. Kxc4 Kb6 51. d5 Kc7 52. dxe6 fxe6 53.
Kd4 Kd6 54. Ke4 Kd7 55. Ke5 Ke7 56. g4 Kf7 57. Kd6 Kf8 58. Kxe6 Kg7 59. f5 Kf8
60. Kf6 gxf5 61. gxf5 Kg8 62. Ke7 1-0

[Event "FIDE OPEN Stare Mesto 2021 A"]
[Site "Stare Mesto, CZE"]
[Date "2021.08.15"]
[Round "3.29"]
[White "Babula, Matej"]
[Black "Burita, Dobroslav"]
[Result "1-0"]
[WhiteElo "1537"]
[BlackElo "1712"]
[PlyCount "69"]
[EventDate "2021.08.13"]

1. e4 c5 2. Nf3 d6 3. d4 cxd4 4. Nxd4 Nf6 5. Nc3 a6 6. Bc4 g6 7. f3 Bg7 8. Bb3
O-O 9. Be3 Nc6 10. Qd2 Qc7 11. O-O-O Na5 12. Kb1 Nc4 13. Bxc4 Qxc4 14. h4 h5
15. Bh6 Bd7 16. Bxg7 Kxg7 17. g4 hxg4 18. h5 Rh8 19. Qg5 Rh6 20. Nd5 Nxd5 21.
exd5 f6 22. Qe3 Re8 23. hxg6 Rxg6 24. Ne6+ Bxe6 25. Qxe6 Qc8 26. Rh7+ Kxh7 27.
Qf7+ Kh6 28. f4 Qf5 29. Rh1+ Qh5 30. Rxh5+ Kxh5 31. Qxe8 f5 32. Qxe7 g3 33.
Qh7+ Kg4 34. Qxg6+ Kxf4 35. Kc1 1-0